On This Day: May 14th II Quiz Stats

 Plays Quiz Updated May 14, 2018

Score 0/7 Timer 03:00
0 Plays Today
Question Answer Wrong Answers
The United States Government begins the process of moving the US capital from this city to Washington, D.C.
1800
Philadelphia
88.5%
Baltimore
2.8%
Boston
5.6%
Richmond
3.1%
During a German invasion of the country, Rotterdam, ______, is bombed by the German Luftwaffe.
1940
Netherlands
80.2%
Denmark
10.7%
Norway
2.6%
Poland
5.5%
This Australian actress, who gained two Academy Award nominations for portraying Queen Elizabeth I (in two separate films), is born.
1969
Cate Blanchett
77.2%
Kate Winslet
9.2%
Nicole Kidman
10.2%
Charlize Theron
2.1%
‘Mrs Dalloway’, one of the best-known novels by this English modernist writer, is published.
1925
Virginia Woolf
74.1%
James Joyce
9.7%
Sylvia Plath
8.3%
William Faulkner
6.9%
The first game of ______ in New Zealand is played in Nelson between Nelson College and the Nelson Football Club.
1870
Rugby
73.4%
Soccer
15%
American Football
3.1%
Cricket
8%
The Lewis and Clark Expedition departs from Camp Dubois and begins its historic journey by traveling up the ______ River.
1804
Missouri
66.5%
Hudson
15.8%
Red
0.9%
Colorado
16.7%
The Constitutional Court of ______ overturns the impeachment of President Roh Moo-hyun.
2004
South Korea
64.7%
Thailand
27.6%
China
3.5%
Japan
2.8%

You're not logged in!

Compare scores with friends on all Sporcle quizzes.
OR
Log In

Sporcle TV

Today on Sporcle TV


Watch our educational content, quiz creation guides, and fun videos on Sporcle TV.

Show Comments

Extras

Top Quizzes Today


Score Distribution

Your Account Isn't Verified!

In order to create a playlist on Sporcle, you need to verify the email address you used during registration. Go to your Sporcle Settings to finish the process.

Report this User

Report this user for behavior that violates our Community Guidelines.

Details: